Begriff und Wesen des Unternehmens und seines "Goodwill" im geltenden europäischen Recht ausserhalb Deutschlands /

Main Author: Dittmar, Wilhelm
Corporate Author: Universität Göttingen
Language: German
Published: Bochum - Langendreer : typ. H. Pöppinghaus, 1935
Physical Description: VI, 71 [I] stran
Book
Saved in:
LEADER 00904nam a22002532i 4500
001 001498527
003 CZ BrMZK
005 20160505154200.0
007 ta
008 151125s1935 gw er|||||||||||ger d
040 |a BOA001  |b cze  |e rda 
100 1 |a Dittmar, Wilhelm  |4 dis 
245 1 0 |a Begriff und Wesen des Unternehmens und seines "Goodwill" im geltenden europäischen Recht ausserhalb Deutschlands /  |c von Wilhelm Dittmar 
264 1 |a Bochum - Langendreer :  |b typ. H. Pöppinghaus,  |c 1935 
300 |a VI, 71 [I] stran 
336 |a text  |b txt  |2 rdacontent 
337 |a bez média  |b n  |2 rdamedia 
338 |a svazek  |b nc  |2 rdacarrier 
502 |a Disertace--Universität Göttingen, 1935 
710 2 |a Universität Göttingen  |7 ko2003182746 
910 |a BOA001  |b 2-0244.802 
990 |a BK 
991 |b 201510 
996 7 |b 2618733926  |c 2-0244.802  |l MZK  |r Sklad / do 24 hodin  |n 0  |w 001533786  |u 000010  |a 1  |e BOA001  |j MZK50  |s A